Exposición - homenaje a Pedro Rodríguez / Círculo de Escritores de la Moda
Descripción Física:
32 p. : fot. ; 24 cm
Materias:
Rodríguez, Pedro -- Exposicions
MARC
| LEADER | 00000nam a2200000Ia 4500 | ||
|---|---|---|---|
| 001 | 19203 | ||
| 008 | 160829s1976 xx 000 0 cat d | ||
| 080 | |a FU-3-6 | ||
| 100 | |a Círculo de Escritores de la Moda |9 47758 | ||
| 245 | |a Exposición - homenaje a Pedro Rodríguez / Círculo de Escritores de la Moda | ||
| 260 | |a Barcelona : |b Gráficas Gauda, |c 1976 | ||
| 300 | |a 32 p. : |b fot. ; |c 24 cm | ||
| 590 | |a A la portada: Con el patrocinio de la Diputación de Barcelona, la Cámara de la Moda Española y la Agrupación Nacional de Empresas Confeccionistas. | ||
| 590 | |a Prové de S-326 | ||
| 650 | |a Rodríguez, Pedro |x Exposicions |9 47759 | ||
| 901 | |a Arxiu | ||
| 942 | |n 1 | ||
| 952 | |0 0 |1 0 |4 0 |6 FU36 |7 1 |9 54080 |a Arxiu |b Arxiu |d 2016-12-01 |l 0 |o FU-3-6 |p 19203 |r 2016-12-01 00:00:00 |w 2016-12-01 |y ARXIU | ||
| 999 | |c 57948 |d 57948 | ||